000 00733nam a2200205 a 4500
001 1534
003 CO-ViMGA
008 141112s2004 ck r 000 u spa d
040 _aCO-ViMGA
_bspa
_cCO-ViMGA
082 _a618.92 P517m
100 1 _aPlata Rueda, Ernesto
_94976
245 1 0 _aPreguntas de madres
250 _a3a
260 _aBogotá :
_bMedica PanAméricana,
_c1989
300 _a283 p
505 _aCrecimiento, desarrollo y sus alteraciones 34 - - Vacunas y enfermedades infecciosas 102 - - La infección respiratoria aguda 121 - - Errores en la crianza emocional de los niños 164 - - Afecciones e higuiene en la piel 204
650 1 4 _aPEDIATRIA
_94977
650 1 4 _aSALUD DE LOS NIÑOS
_94978
942 _2ddc
_cBK
999 _c10541
_d10541